000 00654nam a2200289Ia 4500
003 OSt
005 20220912151656.0
006 a|||||r|||| 00| 0
007 ta
008 220909b |||||||| |||| 00| 0 eng d
024 _a31777
037 _cTextual
040 _aCSL
_beng
_cCSL
041 _aeng
082 _aC9B32, N2
100 _aBoehm F
245 0 _aPhysics of massive neutrino
250 _a2
260 _c1992
300 _a249p.
_ccm.
650 _a Neutrino
650 _a Nucleus
650 _aPhysics
700 _a Vogel P
942 _hC9B32, N2
_cTEXL
_2CC
999 _c73596
_d73596